000 00707nam a2200253Ia 4500
003 OSt
005 20220918164931.0
006 a|||||r|||| 00| 0
007 ta
008 220917b |||||||| |||| 00| 0 eng d
020 _a0817303669 (hbk)
024 _a160,756
037 _cTextual
040 _aARTS
_cARTS
_beng
041 _2eng
_aeng
082 _aSM95xM56:g, M8
100 _aGoldberg Steven E
_921788
245 0 _aTwo patterns of rationality in Freud's writings
260 _aTuscaloosa
_bUniversity of Alabama Press
_c1988
300 _axi, 207p.
_ccm.
650 _aPSYCHOLOGY
942 _hSM95xM56:g, M8
_cTEXL
_2CC
999 _c127507
_d127507